000 00319nam a22001337a 4500
008 170127b xxu||||| |||| 00| 0 eng d
020 _a9780910761901
041 _aeng
080 _a61
100 _a3
101 _aSHM
245 _aINJURY PREVENTION AND CONTROL FOR CHILDREN AND YOUTH
_cWIDOME, M.D
942 _2udc
_cBK
999 _c3895
_d3895